[Event "LTU-chT"]
[Site "Lithuania"]
[Date "2019.03.30"]
[Round "4.1"]
[White "Vedrickas, Tautvydas"]
[Black "Dubovikas, Tomas"]
[Result "1-0"]
[WhiteElo "2390"]
[BlackElo "2171"]
[PlyCount "65"]
[EventDate "2019.01.26"]
[EventType "team-swiss"]
[EventRounds "7"]
[EventCountry "LTU"]
[SourceTitle "CBM 189 Extra"]
[Source "ChessBase"]
[SourceDate "2019.06.03"]
[SourceVersion "1"]
[SourceVersionDate "2019.06.03"]
[SourceQuality "1"]
[WhiteTeam "Vilnius MRU"]
[BlackTeam "Siauliai SISZK"]
[WhiteTeamCountry "LTU"]
[BlackTeamCountry "LTU"]

1. d4 Nf6 2. c4 c5 3. d5 d6 4. Nc3 g6 5. e4 Bg7 6. f3 e6 7. Bg5 e5 8. Nge2 a6 9. Qd2 h6 10. Be3 Nh5 11. g4 Nf6 12. h3 h5 13. Rg1 Qa5 14. Nc1 Nbd7 15. a3 Rb8 16. Rb1 Qc7 17. b4 b6 18. Kf2 Kf8 19. Kg2 Kg8 20. Be2 Ra8 21. Nd3 Qd8 22. Nf2 Qe7 23. Bd1 Ra7 24. Ba4 Ra8 25. Bc6 Ra7 26. Na4 Qd8 27. Rgc1 Rh7 28. Nxb6 Nxb6 29. bxc5 dxc5 30. Bxc5 hxg4 31. hxg4 Nxg4 32. fxg4 Bh6 33. Bxb6 1-0

[Event "LTU-chT 4th 0809"]
[Site "Lithuania"]
[Date "2009.03.14"]
[Round "8.42"]
[White "Dubovikas, Tomas"]
[Black "Butnorius, Algimantas"]
[Result "0-1"]
[WhiteElo "2185"]
[BlackElo "2438"]
[PlyCount "58"]
[EventDate "2008.11.08"]
[EventType "team"]
[EventRounds "9"]
[EventCountry "LTU"]
[SourceTitle "EXT 2024"]
[Source "ChessBase"]
[SourceDate "2023.10.10"]
[SourceVersion "1"]
[SourceVersionDate "2023.10.10"]
[SourceQuality "1"]

1. e4 e5 2. Nc3 Nf6 3. f4 d5 4. fxe5 Nxe4 5. Nf3 Be7 6. d3 Nxc3 7. bxc3 c5 8. Be2 Nc6 9. 0-0 0-0 10. Qe1 f6 11. exf6 Bxf6 12. Bd2 Qd6 13. Bg5 Bd7 14. Qd2 Bxg5 15. Nxg5 h6 16. Rxf8+ Rxf8 17. Nf3 d4 18. Re1 dxc3 19. Qxc3 Be6 20. a3 b6 21. Bd1 Bd5 22. Qd2 Qg6 23. Nh4 Qf6 24. Bf3 Bxf3 25. Nxf3 Nd4 26. Ne5 Re8 27. Ng4 Rxe1+ 28. Qxe1 Qg6 29. Ne3 Nf3+ 0-1

[Event "LTU-chT 4th 0809"]
[Site "Lithuania"]
[Date "2009.03.01"]
[Round "7.22"]
[White "Tvarijonas, Povilas"]
[Black "Dubovikas, Tomas"]
[Result "0-1"]
[WhiteElo "2310"]
[BlackElo "2185"]
[PlyCount "60"]
[EventDate "2008.11.08"]
[EventType "team"]
[EventRounds "9"]
[EventCountry "LTU"]
[SourceTitle "EXT 2024"]
[Source "ChessBase"]
[SourceDate "2023.10.10"]
[SourceVersion "1"]
[SourceVersionDate "2023.10.10"]
[SourceQuality "1"]

1. e4 e6 2. d4 c5 3. Nf3 cxd4 4. Nxd4 Qb6 5. Nb3 Qc7 6. Bd3 Nf6 7. 0-0 a6 8. c4 b6 9. f4 d6 10. e5 Nfd7 11. exd6 Bxd6 12. Nc3 Bb7 13. Qg4 Nf6 14. Qe2 Nbd7 15. Be3 Nc5 16. Bc2 Nxb3 17. axb3 Bc5 18. Na4 Bxe3+ 19. Qxe3 Qc6 20. Rf3 b5 21. Nc3 b4 22. Ne2 Ng4 23. Qd4 Rd8 24. Qxg7 Qc5+ 25. Kh1 Bxf3 26. gxf3 Nf2+ 27. Kg2 Ke7 28. Ng3 Rd2 29. Qxh8 Ne4+ 30. Kh3 Rxh2+ 0-1

[Event "LTU-chT 4th 0809"]
[Site "Lithuania"]
[Date "2009.01.12"]
[Round "5.13"]
[White "Grabliauskas, Virginijus"]
[Black "Dubovikas, Tomas"]
[Result "1-0"]
[WhiteElo "2427"]
[BlackElo "2185"]
[PlyCount "100"]
[EventDate "2008.11.08"]
[EventType "team"]
[EventRounds "9"]
[EventCountry "LTU"]
[SourceTitle "EXT 2024"]
[Source "ChessBase"]
[SourceDate "2023.10.10"]
[SourceVersion "1"]
[SourceVersionDate "2023.10.10"]
[SourceQuality "1"]

1. d4 c5 2. d5 e5 3. e4 d6 4. Nc3 Nf6 5. Bb5+ Nbd7 6. a4 a6 7. Bd3 g6 8. g4 h5 9. g5 Nh7 10. h4 f6 11. Nf3 Be7 12. Rg1 Ndf8 13. gxf6 Bxf6 14. Ng5 Nxg5 15. hxg5 Bg7 16. Qe2 Qe7 17. a5 Nh7 18. Na4 0-0 19. Nb6 Rb8 20. c3 Bg4 21. Rxg4 hxg4 22. Qxg4 Rf7 23. Nc4 Rbf8 24. Be3 Rf4 25. Bxf4 Rxf4 26. Qe6+ Qxe6 27. dxe6 Bf8 28. Ne3 Bg7 29. Nd5 Rg4 30. Ne7+ Kf8 31. Nxg6+ Ke8 32. Bb5+ axb5 33. a6 bxa6 34. Rxa6 Rxe4+ 35. Kd2 Ra4 36. Rb6 Ra8 37. Rb7 Nf8 38. Re7+ Kd8 39. Rxg7 Nxg6 40. Rg8+ Ke7 41. Rxa8 Kxe6 42. Rb8 Nf4 43. Rxb5 Kf5 44. c4 Nh3 45. g6 Kxg6 46. Rb6 Nxf2 47. Rxd6+ Kf5 48. Ke3 Ng4+ 49. Ke2 Nf6 50. Rc6 Ne4 1-0

[Event "LTU-ch U20"]
[Site "Vilnius"]
[Date "2008.01.28"]
[Round "1"]
[White "Dubovikas, Tomas"]
[Black "Vaicekauskas, Gytis"]
[Result "1-0"]
[WhiteElo "2192"]
[BlackElo "1779"]
[PlyCount "71"]
[EventDate "2008.01.28"]
[EventType "swiss"]
[EventRounds "9"]
[EventCountry "LTU"]
[SourceTitle "CBM 122 Extra"]
[Source "ChessBase"]
[SourceDate "2008.03.04"]
[SourceVersion "1"]
[SourceVersionDate "2008.03.04"]
[SourceQuality "1"]

1. e4 e5 2. f4 d5 3. exd5 exf4 4. Nf3 Nf6 5. Bb5+ Bd7 6. Bc4 Bd6 7. 0-0 0-0 8. d4 Bg4 9. Bb3 b6 10. Qd3 c6 11. Nc3 cxd5 12. Nxd5 Nc6 13. c3 Nxd5 14. Bxd5 Rc8 15. h3 Bh5 16. Bxc6 Rxc6 17. Qb5 Bxf3 18. Rxf3 Qc7 19. Bd2 f5 20. Qd5+ Kh8 21. Re1 g6 22. Re6 Rc8 23. Bxf4 Bxf4 24. Rxc6 Bh2+ 25. Kh1 Qxc6 26. Qxc6 Rxc6 27. Kxh2 Re6 28. d5 Re5 29. Rd3 Kg7 30. d6 Re8 31. c4 Rd8 32. b4 Kf7 33. c5 Ke6 34. c6 Rxd6 35. Rxd6+ Kxd6 36. b5 1-0

[Event "Plunge op"]
[Site "Plunge"]
[Date "2007.07.20"]
[Round "7"]
[White "Narmontas, Raimondas"]
[Black "Dubovikas, Tomas"]
[Result "1/2-1/2"]
[WhiteElo "2116"]
[BlackElo "2162"]
[PlyCount "23"]
[EventDate "2007.07.16"]
[EventType "swiss"]
[EventRounds "9"]
[EventCountry "LTU"]
[SourceTitle "EXT 2010"]
[Source "ChessBase"]
[SourceDate "2010.11.25"]
[SourceVersion "1"]
[SourceVersionDate "2010.11.25"]
[SourceQuality "1"]

1. e4 c5 2. Nf3 d6 3. d4 cxd4 4. Nxd4 Nf6 5. Nc3 a6 6. Bg5 e6 7. f4 Nbd7 8. Qf3 Qc7 9. Be2 b5 10. f5 b4 11. fxe6 Ne5 12. Qxf6 1/2-1/2

[Event "LTU-ch sf"]
[Site "Vilnius"]
[Date "2007.02.22"]
[Round "9"]
[White "Jegorovas, Aleksandras"]
[Black "Dubovikas, Tomas"]
[Result "1-0"]
[WhiteElo "2262"]
[BlackElo "2152"]
[PlyCount "65"]
[EventDate "2007.02.16"]
[EventType "swiss"]
[EventRounds "9"]
[EventCountry "LTU"]
[SourceTitle "EXT 2010"]
[Source "ChessBase"]
[SourceDate "2010.11.25"]
[SourceVersion "1"]
[SourceVersionDate "2010.11.25"]
[SourceQuality "1"]

1. Nf3 g6 2. d4 Bg7 3. c4 c5 4. e4 cxd4 5. Nxd4 Nc6 6. Be3 Nf6 7. Nc3 Ng4 8. Qxg4 Nxd4 9. Qd1 Nc6 10. Rc1 0-0 11. Be2 d6 12. 0-0 Qa5 13. a3 Be6 14. Qd2 Rac8 15. Rfd1 a6 16. f4 Rfd8 17. Nd5 Qxd2 18. Rxd2 f5 19. exf5 Bxf5 20. b4 Kf8 21. Bf3 Nb8 22. Nb6 Rc7 23. Na8 Rcd7 24. Nb6 Rc7 25. c5 Nd7 26. Nxd7+ Rdxd7 27. g4 Be6 28. Rcd1 Kf7 29. Bxb7 dxc5 30. Rxd7 Bxd7 31. bxc5 Bxg4 32. Bxa6 Ke8 33. c6 1-0